|
|
|
|
| LEADER |
01188nam a2200289 4500 |
| 001 |
DLU120137536 |
| 005 |
##20120719 |
| 040 |
# |
# |
|a DLU
|b vie
|
| 041 |
# |
# |
|a vie
|
| 044 |
# |
# |
|a vn
|
| 082 |
# |
# |
|a 543.089
|b HU-D
|
| 100 |
# |
# |
|a Huỳnh Thiên Diễm.
|
| 245 |
# |
# |
|a Khảo sát dư lượng thuốc bảo vệ thực vật trong một số giống chè vùng Cầu Đất bằng phương pháp sắc kí khí :
|b Tóm tắt luận văn Thạc sĩ Hoá học /
|c Huỳnh Thiên Diễm; Nguyễn Ngọc Tuấn hướng dẫn.
|
| 260 |
# |
# |
|a Đà Lạt :
|b Trường Đại học Đà lạt,
|c 2011.
|
| 300 |
# |
# |
|a 24 tr. ;
|c 21 cm.
|
| 653 |
# |
# |
|a An toàn thực phẩm
|a Cây công nghiệp
|a Cây chè
|a Hoá chất bảo vệ thực vật
|a Dư lượng hoá chất
|a Phân tích sắc ký
|a Phân tích hàm lượng
|
| 700 |
# |
# |
|a Nguyễn Ngọc Tuấn,
|c PGS.TS.
|e hướng dẫn.
|
| 915 |
# |
# |
|a Hoá phân tích
|b 604429
|c Thạc sĩ
|d Trường Đại học Đà lạt
|e Bộ Giáo dục và Đào tạo.
|
| 992 |
# |
# |
|a 0
|
| 994 |
# |
# |
|a DLU
|
| 900 |
# |
# |
|a True
|
| 911 |
# |
# |
|a Đào Thị Thu Huyền
|
| 925 |
# |
# |
|a G
|
| 926 |
# |
# |
|a A
|
| 927 |
# |
# |
|a LA
|
| 980 |
# |
# |
|a Thư viện Trường Đại học Đà Lạt
|